| 000 | 00988nam a22002898a 4500 | ||
|---|---|---|---|
| 001 | 015623133 | ||
| 003 | OSt | ||
| 005 | 20201128021132.0 | ||
| 008 | 100804t2011 xxuadk frb 001 0 eng d | ||
| 020 | _a9780123814142 (pbk.) | ||
| 020 | _a0123814146 (pbk.) | ||
| 040 |
_aStDuBDS _beng _cStDuBDS _dEG-ScBUE |
||
| 082 | 0 | 0 |
_a005.8 _222 _bMAN |
| 100 | 1 |
_aMansourov, Nikolai _936673 |
|
| 245 | 1 | 0 |
_aSystem assurance : _bbeyond detecting vulnerabilities / _cNikolai Mansourov, Djenana Campara. |
| 260 |
_aBurlington, United States : _bMorgan Kaufmann ; _bElsevier Science [distributor], _cc.2011. |
||
| 300 |
_axix, 346 p. : _bcharts, forms, tables ; _c24 cm. |
||
| 490 | 1 | _aThe MK/OMG press | |
| 500 | _aIndex : p. 337-346. | ||
| 504 | _aIncludes bibliographical references. | ||
| 650 | 0 |
_aComputer security _92637 |
|
| 653 |
_bBUSADM _bCOMSCI _cNovember2014 |
||
| 655 |
_vreading book _934232 |
||
| 700 | 1 |
_aCampara, Djenana _936674 |
|
| 830 | 4 | _aMK / OMG press | |
| 942 |
_2ddc _k005.8 MAN |
||
| 999 |
_c18670 _d18642 |
||